000 00693nam a2200241 i 4500
001 C2-0265702
003 PPAK
005 20180727233605.0
008 050707s1997 my a|||| ||||| | eng d
020 _a9839471007
040 _aPPAK
_beng
_cPPAK
_erda
082 0 4 _a303.38
_223
090 0 0 _a303.38
_bROK
_dG
100 1 _aRokiam, Alfred Gnana,
_eauthor
245 1 0 _aOur democracy at work :
_ba Malaysian experience
264 1 _aSelangor :
_bGRD (M) Sdn. Bhd. ,
_c1997
300 _a129 pages :
_billustrations ;
_c22 cm
336 _2rdacontent
_atext
337 _2rdamedia
_aunmediated
338 _2rdacarrier
_avolume
650 1 0 _aConsensus (Social sciences).
942 _ddc
_cB
999 _c75196
_d75196